000 00535pab a2200181 454500
008 180718b2012 xxu||||| |||| 00| 0 eng d
100 _aDutta, Swati
245 _aFood security: Effectiveness of the public distribution system in India
260 _c2012
300 _ap.45-62.
362 _aJan-Mar
650 _aPublic distribution system - India
650 _aFood supply - India
650 _aPublic distribution system
773 _aIASSI Quarterly: Contribution to Indian Social Science
908 _aN
909 _a99417
999 _c99416
_d99416